000 00289nam a2200133 i 4500
001 bg
100 1 _aREIF, F.
245 0 _aStatisticeskaja fizika /
_cF. Reif.
260 _aMoskwa,
_c1972.
040 _cBPK
041 _apol
942 _cKS
008 s pl f |000 0 pol
999 _c15157
_d15157
856 _uhttp://koha.tu.koszalin.pl/cgi-bin/koha/opac-detail.pl?biblionumber=15157
_yKatalog online BPK